LEADER 01205nam a2200301 a 4500 001 000000148096 003 CaOOAMICUS 005 20151211134824.0 008 151211s1971 it u000 u ita r 032 $aLibriCat 040 $aPUL$bita 041 1 $aita$hfre 100 1 $aNédoncelle, Maurice,$d1905-$0(OLS)http://pul/name/5761 240 10$aChrétien apprtient à deux mondes.$lItaliano.$0(OLS)http://pul/title/186867 245 10$aBipolarità del cristiano /$cMaurice Nédoncelle ; edizione italiana a cura di Crispino Valenziano. 260 $aRoma :$bA.V.E.,$cc1971. 300 $a199 p. ;$c22 cm. 490 1 $aSaggi ;$v09 504 $aBibliografia in nota. 650 4$aCristianesimo$xStudi.$0(OLS)http://pul/subject/5622 700 1 $aValenziano, Crispino.$0(OLS)http://pul/name/41985 830 0$aSaggi (A.V.E.) ;$v09.$0(OLS)http://pul/title/80225 850 $aPUL 852 $aPUL$W1$xDP1 Fondo Bordoni$y120$m3 B 84$j162987$qFondi$B171927$CPULBib$Z2$F171927 $HBor76 $81 941 1 $a1 996 $6245$aBipolarità del cristiano$9(OLS)http://pul/title/186868 996 $6260$aRoma :$bA.V.E.$9(OLS)http://pul/publisher/47979 LEADER 01149nam a2200277 u 4500 001 000000047213 003 CaOOAMICUS 005 20070226114847.0 008 990729s1913 it u000 u ita u 035 $a10831327 040 $aPUL(R)$bita 100 1 $aGemelli, Agostino,$cO.F.M.,$d1878-1959.$0(OLS)http://pul/name/4046 245 12$aL'origine subcosciente dei fatti mistici /$cAgostino Gemelli. 250 $a3. ed. 260 $aFirenze :$bLibreria editrice fiorentina,$c1913. 300 $a119 p. ;$c20 cm 490 1 $aRivista di Filosofia neo-scolastica ;$v5 504 $aAppendice bibliografica p. 109-119. 650 4$aMisticismo.$0(OLS)http://pul/subject/2407 830 0$aRivista di Filosofia neo-scolastica (Collana) ;$v5.$0(OLS)http://pul/title/829 850 $aPUL 852 $aPUL$W1$xSL Religione 1$y3$m41 E 60$j63126$nBK-PRI$b $qStampati$B63126$CPULBib$Z2$F63126 $H $81 941 1 $a8 961 $aINV: 54615 996 $6245$aL'origine subcosciente dei fatti mistici$9(OLS)http://pul/title/63548 996 $6260$aFirenze :$bLibreria editrice fiorentina$9(OLS)http://pul/publisher/48392 LEADER 01325nam a2200313 a 4500 001 000000169064 003 CaOOAMICUS 005 20180911115101.0 008 180911s2009 it u000 u ita r 020 $a978-88-420-9053-3* 032 $aLibriCat 040 $aPUL$bita 082 04$a004.67 100 1 $aAntinucci, Francesco.$0(OLS)http://pul/name/108918 245 12$aL'algoritmo al potere :$bvita quotidiana ai tempi di Google /$cFrancesco Antinucci. 260 $aBari ; Roma :$bGius. Laterza & figli,$c©2009. 300 $a117 p. ;$c21 cm. 490 1 $aRobinson. Letture 504 $aBibliografia nelle note finali. 650 4$aInternet$xAspetti sociali e legali.$0(OLS)http://pul/subject/37629 830 2$aI Robinson.$pLetture.$0(OLS)http://pul/title/65836 850 $aPUL 852 $aPUL$W1$xSL Cons. Gen., Altre Classi 3$y75$m004. 67 ANTFR 1$j192320$qDDC 21$B197026$CPULBib$Z2$F197026 $H131256 $81 941 1 $a9 996 $6020$a978-88-420-9053-3*$9(OLS)http://pul/number/164659 996 $6082$a004.67$9(OLS)http://pul/classification/3139 996 $6245$aL'algoritmo al potere :$bvita quotidiana ai tempi di Google$9(OLS)http://pul/title/209621 996 $6260$aBari ; Roma :$bGius. Laterza & figli$9(OLS)http://pul/publisher/81307 LEADER 01355nam a2200325 a 4500 001 000000172113 003 CaOOAMICUS 005 20190621122607.0 008 190621s2017 it db 001 u ita r 020 $a978-88-618-4588-6 032 $aLibriCat 040 $aPUL$bita 041 1 $aita$heng 082 00$a303.6 100 1 $aBartolucci, Valentina.$0(OLS)http://pul/name/110471 245 10$aCapire il conflitto, costruire la pace / $cValentina Bartolucci, Giorgio Gallo. 260 $aMilano :$bMondadori Education,$c©2017. 300 $aXV, 276 p. :$acarte geogr., grafici ;$c20 cm. 504 $aBibliografia alle p. [251]-267. 650 4$aPace e guerra.$0(OLS)http://pul/subject/41727 650 4$aControversie internazionali.$0(OLS)http://pul/subject/46007 700 1 $aGallo, Giorgio.$0(OLS)http://pul/name/110472 850 $aPUL 852 $aPUL$W1$xSL Diritto e Scienze Sociali 3$y79$m303. 6 BARVA 1$j196045$qDDC 21$B200801$CPULBib$Z2$F200801 $H132912 $82 941 1 $a9 996 $6020$a978-88-618-4588-6$9(OLS)http://pul/number/166246 996 $6082$a303.6$9(OLS)http://pul/classification/1936 996 $6245$aCapire il conflitto, costruire la pace / $9(OLS)http://pul/title/213005 996 $6260$aMilano :$bMondadori Education$9(OLS)http://pul/publisher/82305